Responses for Show #7623 - Wednesday, November 1, 2017

Contestants

[<< previous game]

Jenny Wrigley, a yoga instructor from Olive Branch, Mississippi

Rahul Jain, a corporate strategy manager from Brooklyn, New York

Anand Kandaswamy, an economist from Washington, D.C. (whose 3-day cash winnings total $57,001)

[next game >>]

Jeopardy! Round responses

TAKE A HIKE!
SHADES OF BLUE
GOLF
19th CENTURY AMERICA
IT'S A "LOCK"
BEN FRANKLIN'S DRINKER'S DICTIONARY
    $200 10
(Anand: What is Maui?)

Oahu

AnandJenny
    $200 2
the Navy

Anand
    $200 25
slice

Jenny
    $200 1
Fort McHenry

Jenny
    $200 14
deadlock

Rahul
    $200 20
bees

Anand
    $400 11
Vancouver Island

Jenny
    $400 7
midnight

Rahul
    $400 26
(Alex: Less than a minute now.)

hook

Rahul
    $400 3
(Rahul: Who is James Madison?)

(James) Monroe

RahulJenny
    $400 15
wedlock

Anand
    $400 21
Samson

Jenny
    $600 12
the Appalachian Trail

Jenny
    $600 8
(Jenny: ...No.)

oxford

Jenny
Triple Stumper
    $600 28
Jordan Spieth

Rahul
    $600 4
a cowboy

Anand
    $600 16
Shylock

Jenny
    $600 22
(Anand: What are stars?)

bears

Anand
Triple Stumper
    $800 13
Patagonia

Anand
    $800 9
turquoise

Jenny
    $800 29
(Jenny: What is the Australian Open?)

the PGA Championship

RahulJenny
    $1,000 5
Ireland

Anand
    $800 17
LifeLock

Rahul
    $800 23
(Anand: What is Lexington?)

Concord

AnandRahul
    $1000 19
Kilimanjaro

Jenny
    $1000 27
powder

Triple Stumper
    $1000 30
a fried egg

Rahul
    $1000 6
Black Hawk

Jenny
    $1000 18
pollock

Jenny
    $1000 24
a rudder

Jenny

Scores at the first commercial break (after clue 15):

Anand Rahul Jenny
$2,800 $200 $3,000

Scores at the end of the Jeopardy! Round:

Anand Rahul Jenny
$1,600 $4,600 $6,400

Double Jeopardy! Round responses

ICHTHYOLOGY
BORROWED WORDS
OLD NATIONAL ANTHEMS
AUTHORS' NEW DIRECTIONS
A MARRIAGE MADE IN...
KEVIN
    $400 4
rivers

Jenny
    $400 21
in absentia

Jenny
    $400 28
the tsar

Anand
    $400 1
(Anand: What are babies?)
(Jenny: [Without having rung in] What are expectant mothers?)
(Alex: You have to ring in.)
(Jenny: What are expectant mothers?)
(Alex: No. Aren't you sorry you rang in?)

children

AnandJenny
Triple Stumper
    $400 13
David Beckham

Rahul
    $400 8
Kevin Federline

Anand
    $800 5
the piranha

Anand
    $800 22
the gods

Jenny
    $800 2
Beat

Jenny
    $800 14
(Russell) Brand

Rahul
    $800 9
California

Anand
    $1200 18
[ERRATUM: The plural of "elasmobranch" is "elasmobranchs".]

cartilage

Jenny
    $1200 23
pas de deux

Jenny
    $1,000 25
(Alex: Tigris and Euphrates.)

Iraq

Rahul
    $1,000 3
(Jenny; Who is Ian Fleming?)

John le Carré

Jenny
    $1200 15
Ryan Reynolds

Jenny
    $1200 10
Australia

Rahul
    $1600 19
a sex change

Jenny
    $1600 24
vigilante

Rahul
    $1600 29
(Anand: What is Prussia?)
(Rahul: What is Germany?)
...
[The end-of-round signal sounds.]

Austria

AnandRahul
Triple Stumper
    $1600 6
Vonnegut

Anand
    $1600 16
the Medicis

Rahul
    $1600 11
Kevin Garnett

Rahul
    $2000 20
barbels

Jenny
    $2000 27
mukluks

Jenny
    $2000 26
(Anand: Who is Victor Hugo?)
...
(Alex: Less than a minute now.)

Alexander Dumas

Anand
Triple Stumper
    $2000 7
pastiches

Triple Stumper
    $2000 17
Adam Levine

Jenny
    $2000 12
Kevin O'Leary

Triple Stumper

Scores at the end of the Double Jeopardy! Round:

Anand Rahul Jenny
$1,600 $11,200 $18,600

[wagering suggestions for these scores]

Final Jeopardy! Round responses

THE OSCARS
(Alex: And hoo-ah! He won for one of them.)
...
(Alex: [To Anand] You picked [*], who was nominated for Glengarry Glen Ross and won for Scent of a Woman.)
AnandWho is Al Pacino
$0
RahulWho is Robert De Niro?
$7,900
JennyWho is Al Pacino?
$3,801
Al Pacino

Final scores:

Anand Rahul Jenny
$1,600 $3,300 $22,401
3rd place: $1,000 2nd place: $2,000 New champion: $22,401

Game dynamics:

Coryat scores:

Anand Rahul Jenny
$1,400 $11,400 $19,600
11 R
(including 1 DD),
6 W
15 R
(including 1 DD),
2 W
24 R,
4 W
(including 1 DD)

Combined Coryat: $32,400

[game clues] [game scores] [suggest correction]

Game tape date: 2017-08-08
The J! Archive is created by fans, for fans. Scraping, republication, monetization, and malicious use prohibited; this site may use cookies and collect identifying information. See terms. The Jeopardy! game show and all elements thereof, including but not limited to copyright and trademark thereto, are the property of Jeopardy Productions, Inc. and are protected under law. This website is not affiliated with, sponsored by, or operated by Jeopardy Productions, Inc. Join the discussion at JBoard.tv.